000 00928cam a2200277 i 4500
001 14310940
005 20171226041034.0
008 060322s2006 enk b 001 0 eng
010 _a 2006045127
020 _a0415342708 (set)
020 _a0415342716 (v. 1)
020 _a0415342724 (v. 2)
020 _a0415342732 (v. 3)
020 _a0415342740 (v. 4)
040 _aDLC
_cDLC
_dDLC
_erda
041 _aeng
080 _a812.509
082 0 0 _a812.509 MUR
_222
100 _a22
101 _aGJL
245 0 0 _aTwentieth century American drama :
_cedited by Brenda Murphy with Laurie J.C. Cella.
504 _aIncludes bibliographical references and index.
906 _a7
_bcbc
_corignew
_d1
_eocip
_f20
_gy-gencatlg
942 _2ddc
_cBK
999 _c39379
_d39379